01320nam a22003497a 4500003000500000005001700005008004100022010000900063011000900072035000900081040000900090082001500099100002900114245005800143260004500201300003000246500009700276590004100373590004100414590004100455590004200496650001900538650002400557700002400581700002300605710008300628901000700711942001000718949008200728999001500810952014500825CHAP20220329133629.0971013s1989 r 00010 d a8810 a9782 a9018 cCHAP a589.2bB6300aBoddy, Lynneeed.913344 aNitrogen, phosphorus and sulphur utilization by fungi aCambridge :bCambridge University,c1989 a316 p.b: ilus. ; gráfs aSymposium of the British Mycological Society held at the University of Birmingham april 1988 aBATCH-UPDb10c20130110lUCH01h1359 aBATCH-UPDb10c20130410lUCH01h0851 aBATCH-UPDb10c20130914lUCH01h0800 aCONVERSIONb10c20130109lUCH01h130614aHongos.95608414aMicología.9754760 aMarchant, R.9712710 aRead, D. J.9949180 aBritish Mycological Society Symposium (1988 : University of Birmingham)915425 aBK cLIBRO a589.2 B63bBCcLIBROd33724000988846eLIBROgI.151334h78026i9018sit314.30 c8810d8810 00102ddc4052708GRALaBCbBCcPA_GRALd2019-12-31eI.151334fLIBROl0o589.2 B63p33724000988846r2019-12-31 00:00:00w2019-12-31yLIBRO